Добитници Нобелове награде за књижевност - Statistics

General Stats
  • This quiz has been taken 3 times
  • The average score is 12 of 119
Answer Stats
Година Помоћ Држава Одговор % Correct
1913. За општи допринос ("Гитанџали") Индија Рабиндранат Тагоре
100%
1961. За општи допринос ("На Дрини ћуприја") Југославија Иво Андрић
100%
1905. За општи допринос књижевности ("Quo vadis") Пољска Хенрик Адам Александер Пјус Сјенкјевич
50%
1907. За општи допринос књижевности ("Књига о џунгли") Уједињено Краљевство Џозеф Радјард Киплинг
50%
1920. За дело "Плодови земље" Норвешка Кнут Педерсон Хамсун
50%
1946. За општи допринос књижевности ("Степски вук") Немачка Херман Хесе
50%
1953. За општи допринос књижевности ("Мемоари") Уједињено Краљевство Винстон Леонард Спенсер Черчил
50%
1954. За дело "Старац и море" САД Ернест Милер Хемингвеј
50%
1955. За општи допринос књижевности ("Исландско звоно") Исланд Халдоур Килјан Лакснес
50%
1969. За општи допринос књижевности ("Чекајући Годоа") Ирска Самјуел Бекет
50%
1998. За општи допринос књижевности ("Слепило") Португал Жозе Сарамаго
50%
1999. За општи допринос књижевности ("Лимени добош") Немачка Гинтер Грас
50%
2002. За општи допринос књижевности ("Човек без судбине") Мађарска Имре Кертес
50%
2006. За општи допринос књижевности ("Зовем се црвено") Турска Орхан Памук
50%
2009. За општи допринос књижевности ("Љуљашка даха") Немачка Херта Милер
50%
2011. За општи допринос књижевности ("17 песама") Шведска Томас Транстремер
50%
2012. За општи допринос књижевности ("Приче о црвеном сирку") Кина Мо Јен
50%
2016. За општи допринос књижевности ("Murder most foul") САД Боб Дилан
50%
2017. За општи допринос књижевности ("Остаци дана") Уједињено Краљевство/Јапан Казуо Ишигуро
50%
2018. За општи допринос књижевности ("Благи приповедач") Пољска Олга Токарчук
50%
2019. За општи допринос књижевности ("Несрећа без жеља") Аустрија Петер Хандке
50%
2022. За општи допринос књижевности ("Место под сунцем") Француска Ани Ерно
50%
1901. За општи допринос књижевности ("Разбијена веза") Француска Сили Придом
0%
1902. За дело "Римска историја" Немачка Теодор Момзен
0%
1903. За општи допринос књижевности ("Краљ Свер") Норвешка Бјернстјерне Мартинус Бјернсон
0%
1904. За општи допринос књижевности ("Златна острва") Француска Фредерик Мистрал
0%
1904. За општи допринос књижевности и развој шпанске драме ("Велики Галеото") Шпанија Хосе Ечегарај и Еизагире
0%
1906. За општи допринос књижевности ("Нови стихови") Италија Ђозуе Кардучи
0%
1908. За општи допринос књижевности ("Човек и свет") Немачка Рудолф Кристоф Ојкен
0%
1909. За општи допринос књижевности ("Геста Берлинг") Шведска Селма Отила Ловиса Лагерлеф
0%
1910. За општи допринос књижевности ("Нове новеле") Немачка Паул Јохан Лудвиг фон Хајзе
0%
1911. За општи допринос књижевности ("Принцеза Мален") Француска Гроф Морис Полидор Мари Бернард Метерлинк
0%
1912. За општи допринос књижевности ("Ханела") Немачка Герхарт Хауптман
0%
1915. За општи допринос књижевности ("Жан-Кристоф") Француска Ромен Ролан
0%
1916. За општи допринос књижевности ("Ходочашће: године лутања") Шведска Карл Густаф Вернер фон Хајденштам
0%
1917. За општи допринос књижевности ("Немачки студент") Данска Карл Адолф Гјелеруп
0%
1917. За општи допринос књижевности ("Царство смрти") Данска Хенрик Понтопидан
0%
1919. За дело "Олимпијско пролеће" Швајцарска Карл Шпителер
0%
1921. За општи допринос књижевности ("Таида") Француска Анатол Франс
0%
1922. За општи допринос књижевности ("Омражена") Шпанија Хасинто Бенавенте и Мартинез
0%
1923. За општи допринос књижевности ("Острво статуа") Ирска Вилијам Батлер Јејтс
0%
1924. За своје дело "Сељаци" Пољска Владислав Станислав Рејмонт
0%
1925. За општи допринос књижевности ("Оружја и човек") Ирска Џорџ Бернард Шо
0%
1926. За општи допринос књижевности ("После развода") Италија Грација Деледа
0%
1927. За општи допринос књижевности ("Материја и памћење") Француска Анри Бергсон
0%
1928. За општи допринос књижевности ("Приче о краљу Артуру и Витезовима округлог стола") Норвешка Сигри Унсет
0%
1929. За дело "Буденброкови" Немачка Томас Ман
0%
1930. За општи допринос књижевности ("Краљевска крв") САД Синклер Луис
0%
1931. За општи допринос књижевности ("Песме дивљине и љубави") Шведска Ерик Аксел Карлфелт
0%
1932. За дело "Сага о Форсајтима" Уједињено Краљевство Џон Голсворди
0%
1933. За општи допринос књижевности ("Тамни дрвореди") Совјетски Савез Иван Алексејевич Буњин
0%
1934. За општи допринос књижевности ("Лиола") Италија Луиђи Пирандело
0%
1936. За општи допринос књижевности ("Понизност") САД Јуџин Гледстоун О'Нил
0%
1937. За дело "Тибоови" Француска Роже Мартен ди Гар
0%
1938. За општи допринос књижевности ("Источни ветар Западни ветар") САД Перл Бак
0%
1939. За општи допринос књижевности ("Људи у летњој ноћи") Финска Емил Силанпе
0%
1944. За општи допринос књижевности ("Краљев пад") Данска Јоханец Вилхелм Јенсен
0%
1945. За општи допринос књижевности ("Ја нисам сама") Чиле Габријела Мистрал
0%
1947. За општи допринос књижевности ("Подруми Ватикана") Француска Андре Пол Гијом Жид
0%
1948. За општи допринос књижевности ("Пуста земља") САД/Уједињено Краљевствп Томас Стернс Елиот
0%
1949. За општи допринос књижевности ("Сарторис") САД Вилијам Фокнер
0%
1950. За општи допринос књижевности ("Principia Mathematica") Уједињено Краљевство Ерл Бертранд Артур Вилијам Расел
0%
1951. За општи допринос књижевности ("Патуљак") Шведска Пер Фабијан Лагерквист
0%
1952. За општи допринос књижевности ("Склопљене руке") Француска Франсоа Моријак
0%
1956. За општи допринос књижевности ("Пејзаж душе") Шпанија Хуан Рамон Хименез
0%
1957. За општи допринос књижевности ("Странац") Француска Алберт Ками
0%
1958. За општи допринос књижевности ("Доктор Живаго") СССР Борис Леонидович Пастернак
0%
1959. За општи допринос књижевности ("Мом оцу") Италија Салваторе Квазимодо
0%
1960. За општи допринос књижевности ("Егзил") Француска Сен-Џон Перс
0%
1962. За општи допринос ("О мишевима и људима") САД Џон Ернст Стајнбек Млађи
0%
1963. За општи допринос књижевности ("Бродски дневник") Грчка Јоргос Сеферис
0%
1964. За општи допринос књижевности ("Трансценденција Ега и Имагинација") Француска Жан-Пол Сартр
0%
1965. За дело "Тихи Дон" СССР Михаил Александрович Шолохов
0%
1966. За општи допринос књижевности ("Гост на једну ноћ") Израел Шмуел Јосиф Агнон
0%
1966. За општи допринос књижевности ("У становима смрти") Немачка Нели Закс
0%
1967. За општи допринос књижевности ("Гватемалске легенде") Гватемала Мигел Анхел Астуријас
0%
1968. За општи допринос књижевности ("Снежна земља") Јапан Јасунари Кавабата
0%
1970. За општи допринос књижевности ("Један дан Ивана Денисовича") СССР Александар Исајевич Солжењицин
0%
1971. За општи допринос књижевности ("Двадесет љубавних песама и једна очајна") Чиле Пабло Неруда
0%
1972. За општи допринос књижевности ("Мишљења једног кловна") Немачка Хајнрих Бел
0%
1973. За општи допринос књижевности ("На огњеном возу") Аустралија Патрик Вајт
0%
1974. За општи допринос књижевности ("Час његове милости") Шведска Ејвинд Јонсон
0%
1974. За општи допринос књижевности ("Кад су цветале коприве") Шведска Хари Мартинсон
0%
1975. За општи допринос књижевности ("Сипине кости") Италија Еуђенио Монтале
0%
1976. За општи допринос књижевности ("Хендерсон краљ кише") САД Сол Белоу
0%
1977. За општи допринос књижевности ("Страст земље") Шпанија Винсенте Александре
0%
1978. За општи допринос књижевности ("Круна од перја и друге приче") Израел Исак Башевис Сингер
0%
1979. За општи допринос књижевности ("Пасторчад") Грчка Одисеас Елитис
0%
1980. За општи допринос књижевности ("Цар земље") Пољска Чеслав Милош
0%
1981. За општи допринос књижевности ("Маса и моћ") Немачка Елијас Канети
0%
1982. За општи допринос књижевности ("Очи плавог пса") Колумбија Габријел Хозе де ла Конкордија Гарсија Маркес
0%
1983. За општи допринос књижевности ("Господар мува") Уједињено Краљевство Вилијам Џералд Голдинг
0%
1984. За општи допринос књижевности ("Све лепоте света") Чехословачка Јарослав Сајферт
0%
1985. За општи допринос књижевности ("Званична посета") Француска Клод Симон
0%
1986. За општи допринос књижевности ("Тумачи") Нигерија Акинванде Олуволе Сојинка Воле
0%
1987. За општи допринос књижевности ("Нове станице за август") СССР Јосиф Александрович Бродски
0%
1988. За општи допринос књижевности ("Каирска трилогија") Египат Нагиб Махфуз
0%
1989. За општи допринос књижевности ("Манастир и речи") Шпанија Камило Хосе Села
0%
1990. За општи допринос књижевности ("Два тела") Мексико Октавио Паз
0%
1991. За општи допринос књижевности ("Прича мога сина") Јужна Африка Надин Гордимер
0%
1992. За општи допринос књижевности ("Хомер") Света Луција Дерек Волкот
0%
1993. За општи допринос књижевности ("Вољена") САД Тони Морисон
0%
1994. За општи допринос књижевности ("Једноставан живот") Јапан Кензабуро Ое
0%
1995. За општи допринос књижевности ("Живи ланац знаног света") Ирска Шејмус Хини
0%
1996. За општи допринос књижевности ("Необавезна лектира") Пољска Вислава Шимборска
0%
1997. За општи допринос књижевности ("Шампион") Италија Дарио Фо
0%
2000. За општи допринос књижевности ("Месечар") Француска/Кина Гао Сингђен
0%
2001. За општи допринос књижевности ("Герилци") Уједињено Краљевство/Индија Сер Видјадар Сураџпрасад Најпол
0%
2003. За општи допринос књижевности ("Срамота") Јужноафричка Република Џон Максвел Куци
0%
2004. За општи допринос књижевности ("Пијанисткиња") Аустрија Елфриде Јелинек
0%
2005. За општи допринос књижевности ("Жена француског поручника") Уједињено Краљевство Харолд Пинтер
0%
2007. За општи допринос књижевности ("Трава пева") Уједињено Краљевство Дорис Лесинг
0%
2008. За општи допринос књижевности ("Африканац") Француска/Маурицијус Жан-Мари Гистав ле Клезио
0%
2010. За општи допринос књижевности ("Град и пси") Перу Хорхе Марио Педро Варгас Љоса
0%
2013. За општи допринос књижевности ("Бекство") Канада Алис Манро
0%
2014. За општи допринос књижевности ("Улица мрачних дућана") Француска Жан Патрик Модијано
0%
2015. За општи допринос књижевности ("Последњи сведоци") Белорусија Светлана Александровна Алексејевич
0%
2020. За општи допринос књижевности ("Одана и виртуозна ноћ") САД Луиз Глик
0%
2021. За општи допринос књижевности ("Сећање на одлазак") Танзанија/Уједињено Краљевство Абдулразак Гурна
0%
No matching quizzes found
Score Distribution
Percent of People with Each Score
Percentile by Number Answered
Your Score History
You have not taken this quiz